| 000 | 00621nam a2200241Ia 4500 | ||
|---|---|---|---|
| 003 | St Aloysius Coll | ||
| 005 | 20250705160209.0 | ||
| 008 | 210423s2010 xx 000 0 und d | ||
| 020 | _a9788132102359 | ||
| 040 | _cAL | ||
| 041 | _aEnglish | ||
| 082 |
_a070.10954 _bKOHI |
||
| 100 |
_aVanita Kohli Khandekar _9217512 |
||
| 245 | _aIndian media | ||
| 250 | _a3 | ||
| 260 |
_aLos Angeles _bResponse Books _c2010 |
||
| 300 |
_axxvii,368p. _bPB _c24x16.5cm. |
||
| 365 |
_b495 _cINR |
||
| 650 |
_aGeneral _9217513 |
||
| 650 |
_aMass Media _9217514 |
||
| 906 | _abusiness. ; Indian ; media | ||
| 942 |
_2ddc _cBK |
||
| 999 |
_c158940 _d158940 |
||